000 00250nam a2200109Ia 4500
008 190216s9999||||xx |||||||||||||| ||und||
100 _aRavindran P A
245 0 _aVaidyaka Shabdavali
260 _bBhasha Institute
650 _aPhysics
942 _cBK
999 _c39428
_d39428